1698 1633 1599 1258 1191 1617 1572 1060 1210 1460 1884 1849 1045 1678 1168 1446 1755 1436 1128 1370 1456 1813 1218 1709 1701 1766 1451 1240 1786 1591 1106 1820 1115 1214 1950 1564 1571 1433 1249 1217 1312 1535 1599 1259 1694 1337 1887 1661 1412 1246 1460 1766 1186 1821 1341 1387 1022 1416 1697 1004 1526 1189 1498 1416 1725 1271 1473 1216 1237 1095 1075 1232 1403 1718 1324 1490 1064 1264 1530 1473 1342 1440 1782 1475 1693 1598 1052 1866 1478 1556 1306 1654 1725 1932 1597 1509 1149 1755 1605 BCNSPRNW ULIB Ver.6.0+V

เปลี่ยนเป็นภาษาไทย

Change to English
 แสดงรายละเอียดบรรณานุกรม
  กลับหน้าหลัก

Brief Record : Get Marc (ISO 2709) : E-mail record : QR code < ปิดหน้าต่าง
LEADER : 00000nam 2200000uu 4500
001    13399114127
003     ULIB
008    110219s||||||||th 000 0 tha d
099    วจ.QW805^bจ533ป
100 0  จิราพร ศรีพิบูลย์บัติ
245 00 ปัจจัยที่มีความสัมพันธ์ต่อการตัดสินใจฉีดวัคซีนป้องกันโรคมะเร็งปากมดลูกของสตรี ในจังหวัดนครสวรรค์/^cจิราพร ศรีพิบูลย์บัติ,นิสา ครุฑจันทร์,ธีริศา สินาคม และ มณฑล ทองนิตย์
260    นครสวรรค์:^bวิทยาลัยพยาบาลบรมราชชนนี สวรรค์ประชารักษ์,^c2554
300    54 หน้า
650  7 วัคซีน^xมะเร็งปากมดลูก^xวิจัย
700 0  นิสา ครุฑจันทร์
700 0  ธีริศา สินาคม
700 0  มณฑล ทองนิตย์
710 2  วิทยาลัยพยาบาลบรมราชชนนีสวรรค์ประชารักษ์ นครสวรรค์
945    ^p0^l0^i031005
995    ทศพร
999 ^a ใช้งานได้ทุกระบบ
รายการนี้ยังไม่มีแท็ก
คุณยังไม่ได้ล็อกอิน คุณสามารถมีกิจกรรมร่วมกับเว็บไซต์ได้ แต่ต้องล็อกอินก่อน ::
  ล็อกอิน

รายการสื่อสารสนเทศ

ลำดับที่ ประเภท เลขเรียก/บาร์โค้ด สถานที่ สถานะ
1. งานวิจัย
งานวิจัย
วจ.QW805 จ533ป ฉ.1 
  Barcode: 031005
ห้องสมุดวิทยาเขตสวรรค์ประชารักษ์
►วิจัย
บนชั้น

รายการใกล้เคียง
    ผู้แต่ง [จิราพร ศรีพิบูลย์บัติ]

BibComment


ยังไม่เคยถูกคอมเมนท์

คอมเมนท์ทรัพยากรรายการนี้
  คอมเมนท์: ปัจจัยที่มีความสั..


 Copyright 2026. Bcnsprnw @Library